• 首页
  • 本馆介绍
  • 公告通知
  • 最新文献
  • 馆藏检索
  • 电子资源
  • 读者导购
  • 参考咨询
  • 我的图书馆
  • 登录
  • 详细信息显示
  • 放入我的书架
  • 预约/预借图书
  • 作者相关作品
  • 分类相关作品
  • 丛书相关作品
  • 出版社相关作品

书目信息

  • 表格格式
  • 工作单格式
  • 卡片格式
题名:
走进心灵
    
 
作者: 李镇西 著
分册:  
出版信息: 成都   四川少年儿童出版社  1999
页数: 16,351页
开本: 20cm
丛书名: 李镇西教育文丛
单 册:
中图分类: G631 , G415
科图分类:
主题词: 教育方式--中学 , 思想政治教育--学校教育 , 德育--学校教育
电子资源:
ISBN: 7-5365-2297-5
000 01003oam2 2200289 450
001 1573027404
005 20150117201800.10
010    @a7-5365-2297-5@dCNY20.00
100    @a20010117e20001999em y0chiy0110 ea
101 0  @achi
102    @aCN@b510000
105    @aa z 000yy
200 1  @a走进心灵@9zou jin xin ling@e民主教育手记@f李镇西著
210    @a成都@c四川少年儿童出版社@d1999@h2000重印
215    @a16,351页@c照片@d20cm
225 2  @a李镇西教育文丛
330    @a本手记包括:一,谷建芬与“未来班”;二,集体主义教育新论;三,在民主生活中学民主;四,向学生学习;五,深入心灵的教育;六,走进大自然;七,我的教育失误;八,“虚假德育”批判;九,追随苏霍姆林斯基。
461  0 @12001 @a李镇西教育文丛
517 1  @a民主教育手记@9min zhu jiao yu shou ji
606 0  @a教育方式@x中学
606 0  @a思想政治教育--学校教育
606 0  @a德育--学校教育
690    @aG631@v5
690    @aG415@v4
701  0 @a李镇西@9li zhen xi@4著
801  0 @aCN@bTSSF@c20150117
905    @aZUCC@dG415@eJY143
    
    走进心灵:民主教育手记/李镇西著.-成都:四川少年儿童出版社,1999(2000重印)
    16,351页:照片;20cm.-(李镇西教育文丛)
    
    
    ISBN 7-5365-2297-5:CNY20.00
    本手记包括:一,谷建芬与“未来班”;二,集体主义教育新论;三,在民主生活中学民主;四,向学生学习;五,深入心灵的教育;六,走进大自然;七,我的教育失误;八,“虚假德育”批判;九,追随苏霍姆林斯基。
●
相关链接 在E读中查询图书 在五车中查询图书 在当当中查询图书 在豆瓣中查询图书


正题名:走进心灵     索取号:G415/JY143         预约/预借

序号 登录号 条形码 馆藏地/架位号 状态 备注
1 7853132   278531322   学院路分馆/ [索取号:G415/JY143] 在馆    
2 7853133   278531331   学院路分馆/ [索取号:G415/JY143] 在馆    
3 7853134   278531340   学院路分馆/ [索取号:G415/JY143] 在馆    
4 7853135   278531359   学院路分馆/ [索取号:G415/JY143] 在馆    
唐山师范学院图书馆 欢迎您!
大连网信软件有限公司© 版权所有